000
00189 a2200097 4500
020
_a
9789707701236
041
_a
spa
100
_a
Carlos Fuentes
245
_a
Cuentos naturales
942
_c
BK
999
_c
28969
_d
28967